| 000 | 01111cam a22003494a 4500 | ||
|---|---|---|---|
| 001 | 14258103 | ||
| 003 | OSt | ||
| 005 | 20140310182832.0 | ||
| 008 | 060208s2007 maua 001 0 eng | ||
| 010 | _a 2006004474 | ||
| 020 | _a9780071261197 | ||
| 040 |
_aDLC _cDLC _dDLC |
||
| 042 | _apcc | ||
| 050 | 0 | 0 |
_aQL 47.2 _b.M647 2007 |
| 082 | 0 | 0 |
_aM 590 _bM61 2007 |
| 100 | 1 | _aMiller, Stephen A. | |
| 245 | 1 | 0 |
_aZoology / _cMiller, Stephen A. |
| 250 | _a7th ed. | ||
| 260 |
_aBoston : _bMcGraw-Hill/Higher Education, _cc2007. |
||
| 300 |
_axix, 588 p. : _bcol. ill. ; _c29 cm. |
||
| 500 | _aIncludes index. | ||
| 521 | _aCollege Students | ||
| 526 | _c1210L to 1700L | ||
| 541 | _j1 | ||
| 562 | _eFor Circulation. 1 Copy Available in the Collection | ||
| 650 | 0 | _aZoology. | |
| 700 | 1 | _aHarley, John P. | |
| 856 | 4 | 1 |
_3Table of contents only _uhttp://www.loc.gov/catdir/toc/ecip068/2006004474.html |
| 906 |
_a7 _bcbc _corignew _d1 _eecip _f20 _gy-gencatlg |
||
| 942 |
_2lcc _cBK _kM |
||
| 999 |
_c16672 _d16672 |
||